Jaka to marka i model samochodu po zdjęciu - Statystyki

Ogólne statystyki
  • Ten quiz został rozwiązany 466 razy
  • Średni wynik to 7 z 16
Statystyki odpowiedzi
Obrazkowy Odpowiedź % Poprawnych
Skoda Octavia
95%
Opel Corsa
82%
Mazda 6
58%
Volkswagen Polo
56%
Toyota Aygo
55%
Kia Sportage
50%
Toyota Auris
50%
Hyundai i20
48%
Peugeot 308
39%
Renault Captur
34%
Suzuki Vitara
34%
Nissan Qashqai
29%
Skoda Citigo
28%
Ford Fiesta
24%
Dacia Dokker
19%
BMW Seria 3
7%
Nie znaleziono quizów pasujących do podanych kryteriów
Rozkład punktacji
Procent ludzi z każdym wynikiem
Percentyl według liczby udzielonych odpowiedzi
Twoja historia wyników
Nie rozwiązałeś tego quizu